00851 2200289 4500001002100000005001500021035002000036007000300056008004100059020002200100082000800122084001400130100003200144245010000176250001400276300004800290700003200338600001300370264004000383336002100423337003000444338002300474990001600497990001600513990001600529990001600545INLIS00000000000001420210204095742 a0010-0121000009ta210204 g 1 ind  a978-602-70405-8-8 a920 a920 SOE h0 aSoemarddi ThaherePengarang1 aHujan Turun Rintik - Rintik :bTakdirku Terlukis Menjadi Guru dan Untuk Guru /cSoemardi Thaher aCetakan I axxii, 550 Halaman :bMotivasi ;c20 x 15 cm0 aSoemarddi ThaherePengarang 4aMotivasi aPekanbaru :bSoemardi Thaher,c2017 aTeks2rdacontent aTanpa Perantara2rdamedia aVolume2rdacarrier a00000000084 a00000000085 a00000000086 a00000000087